The Weeknd - Chansons commençants par A - Statistiques

Statistiques générales
  • Ce quiz a été pris 20 fois
  • Le résultat moyen est 4 sur 9
Statistiques - réponses
A % Correct
After Hours
80%
Alone Again
73%
Acquainted
67%
Angel
53%
The Abyss (featuring Lana Del Rey)
47%
Adaptation
40%
As You Are
40%
All I Know (feat. Future)
27%
Attention
13%
Aucun quiz correspondant
Distribution des résultats
% des personnes avec chaque résultat
Percentile par nombre de réponses
Votre historique - résultats
Vous n’avez pas pris ce quiz